Stolice powiatów w Polsce - Statystyki

Ogólne statystyki
  • Ten quiz został rozwiązany 258 razy
    245 od ostatniego zresetowania
  • Średni wynik to 172 z 314
Statystyki odpowiedzi
Powiat Stolica % Poprawnych
Augustowski Augustów
91%
Bełchatowski Bełchatów
88%
Białostocki Białystok
86%
Będziński Będzin
85%
Bartoszycki Bartoszyce
81%
Bydgoski Bydgoszcz
80%
Chełmski Chełm
80%
Bielski Bielsko-Biała
78%
Białogardzki Białogard
75%
Biłgorajski Biłgoraj
74%
Bolesławiecki Bolesławiec
74%
Ciechanowski Ciechanów
72%
Częstochowski Częstochowa
72%
Bytowski Bytów
70%
Chojnicki Chojnice
70%
Chrzanowski Chrzanów
70%
Cieszyński Cieszyn
70%
Elbląski Elbląg
70%
Ełcki Ełk
70%
Gliwicki Gliwice
69%
Gorzowski Gorzów Wielkopolski
68%
Kolski Koło
68%
Lubelski Lublin
68%
Braniewski Braniewo
67%
Brodnicki Brodnica
67%
Koszaliński Koszalin
67%
Gnieźnieński Gniezno
66%
Grudziądzki Grudziądz
66%
Iławski Iława
66%
Inowrocławski Inowrocław
66%
Koniński Konin
66%
Krakowski Kraków
66%
Opolski Opole
66%
Poznański Poznań
66%
Bieruńsko-Lędziński Bieruń
65%
Giżycki Giżycko
65%
Jaworski Jawor
65%
Kielecki Kielce
65%
Legnicki Legnica
65%
Lubiński Lubin
65%
Olsztyński Olsztyn
65%
Płocki Płock
65%
Radomski Radom
65%
Aleksandrowski Aleksandrów Kujawski
64%
Jarosławski Jarosław
64%
Kaliski Kalisz
64%
Kołobrzeski Kołobrzeg
64%
Łomżyński Łomża
64%
Malborski Malbork
64%
Rzeszowski Rzeszów
64%
Bocheński Bochnia
63%
Głogowski Głogów
63%
Gostyński Gostyń
63%
Łódzki-Wschodni Łódź
63%
Namysłowski Namysłów
63%
Oławski Oława
63%
Oświęcimski Oświęcim
63%
Sandomierski Sandomierz
63%
Toruński Toruń
63%
Warszawski-Zachodni Warszawa
63%
Zielonogórski Zielona Góra
63%
Bialski Biała Podlaska
62%
Buski Busko-Zdrój
62%
Garwoliński Garwolin
62%
Grójecki Grójec
62%
Kutnowski Kutno
62%
Lęborski Lębork
62%
Łowicki Łowicz
62%
Nowosądecki Nowy Sącz
62%
Wrocławski Wrocław
62%
Brzozowski Brzozów
61%
Chełmiński Chełmno
61%
Człuchowski Człuchów
61%
Goleniowski Goleniów
61%
Grajewski Grajewo
61%
Jarociński Jarocin
61%
Kluczborski Kluczbork
61%
Leżajski Leżajsk
61%
Lipnowski Lipno
61%
Mielecki Mielec
61%
Mławski Mława
61%
Mrągowski Mrągowo
61%
Piotrkowski Piotrków Trybunalski
61%
Pruszkowski Pruszków
61%
Przemyski Przemyśl
61%
Rybnicki Rybnik
61%
Siedlecki Siedlce
61%
Słupski Słupsk
61%
Tarnowski Tarnów
61%
Tczewski Tczew
61%
Głubczycki Głubczyce
60%
Gołdapski Gołdap
60%
Gorlicki Gorlice
60%
Hrubieszowski Hrubieszów
60%
Krośnieński Krosno
60%
Nyski Nysa
60%
Ostrołęcki Ostrołęka
60%
Suwalski Suwałki
60%
Wałbrzyski Wałbrzych
60%
Żywiecki Źywiec
60%
Dębicki Dębica
59%
Dzierżoniowski Dzierżoniów
59%
Grodziski Grodzisk Mazowiecki
59%
Kłodzki Kłodzko
59%
Kwidzyński Kwidzyn
59%
Legionowski Legionowo
59%
Myszkowski Myszków
59%
Nowotarski Nowy Targ
59%
Oleśnicki Oleśnica
59%
Opatowski Opatów
59%
Ostródzki Ostróda
59%
Pilski Piła
59%
Pucki Puck
59%
Raciborski Racibórz
59%
Tarnobrzeski Tarnobrzeg
59%
Wadowicki Wadowice
59%
Wejherowski Wejherowo
59%
Białobrzeski Białobrzegi
58%
Brzeski Brzeg
58%
Działdowski Działdowo
58%
Łukowski Łuków
58%
Sanocki Sanok
58%
Tatrzański Zakopane
58%
Jędrzejowski Jędrzejów
57%
Kędzierzyńsko-Kozielski Kędzierzyn-Koźle
57%
Kętrzyński Kętrzyn
57%
Kłobucki Kłobuck
57%
Łańcucki Łańcut
57%
Łaski Łask
57%
Nowosolski Nowa Sól
57%
Pabianicki Pabianice
57%
Piaseczyński Piaseczno
57%
Pińczowski Pińczów
57%
Puławski Puławy
57%
Pułtuski Pułtusk
57%
Skierniewicki Skierniewice
57%
Stalowowolski Stalowa Wola
57%
Stargardzki Stargard
57%
Tomaszowski Tomaszów Mazowiecki
57%
Włocławski Włocławek
57%
Chodzieski Chodzież
56%
Kraśnicki Kraśnik
56%
Lubartowski Lubartów
56%
Miński Mińsk Mazowiecki
56%
Otwocki Otwock
56%
Pszczyński Pszczyna
56%
Sieradzki Sieradź
56%
Świdnicki Świdnica
56%
Złotowski Złotów
56%
Żniński Żnin
56%
Gostyniński Gostynin
55%
Gryficki Gryfice
55%
Gryfiński Gryfino
55%
Krapkowicki Krapkowice
55%
Krotoszyński Krotoszyn
55%
Limanowski Limanowa
55%
Lubaczowski Lubaczów
55%
Lubański Lubań
55%
Miechowski Miechów
55%
Międzyrzecki Międzyrzecz
55%
Mikołowski Mikołów
55%
Myśliborski Myślibórz
55%
Nowodworski Nowy Dwór Mazowiecki
55%
Olkuski Olkusz
55%
Parczewski Parczew
55%
Płoński Płońsk
55%
Słubicki Słubice
55%
Sochaczewski Sochaczew
55%
Świebodziński Świebodzin
55%
Turecki Turek
55%
Wieluński Wieluń
55%
Wołomiński Wołomin
55%
Czarnkowsko-Trzcianecki Czarnków
54%
Myślenicki Myślenice
54%
Policki Police
54%
Śremski Śrem
54%
Szczecinecki Szczecinek
54%
Włodawski Włodawa
54%
Zamojski Zamość
54%
Żarski Żary
54%
Zgorzelecki Zgorzelec
54%
Zwoleński Zwoleń
54%
Brzeski Brzesko
53%
Grodziski Grodzisk Wielkopolski
53%
Hajnowski Hajnówka
53%
Kępiński Kępno
53%
Kościański Kościan
53%
Krasnostawski Krasnystaw
53%
Łęczycki Łęczyca
53%
Leski Lesko
53%
Międzychodzki Międzychód
53%
Obornicki Oborniki
53%
Prudnicki Prudnik
53%
Przeworski Przeworsk
53%
Radomszczański Radomsko
53%
Radziejowski Radziejów
53%
Rypiński Rypin
53%
Sztumski Sztum
53%
Trzebnicki Trzebnica
53%
Wielicki Wieliczka
53%
Wyszkowski Wyszków
53%
Żagański Żagań
53%
Zduńskowolski Zduńska Wola
53%
Złotoryjski Złotoryja
53%
Żuromiński Żuromin
53%
Żyrardowski Żyrardów
53%
Leszczyński Leszno
52%
Nowotomyski Nowy Tomyśl
52%
Pleszewski Pleszew
52%
Polkowicki Polkowice
52%
Pyrzycki Pyrzyce
52%
Starachowicki Starachowice
52%
Wołowski Wołów
52%
Zgierski Zgierz
52%
Kartuski Kartuzy
51%
Kościerski Kościerzyna
51%
Kozienicki Kozienice
51%
Lubliniecki Lubliniec
51%
Nidzicki Nidzica
51%
Ostrowski Ostrów Wielkopolski
51%
Sulęciński Sulęcin
51%
Wolsztyński Wolsztyn
51%
Wrzesiński Września
51%
Zambrowski Zambrów
51%
Mogileński Mogilno
50%
Opoczyński Opoczno
50%
Sierpecki Sierpc
50%
Starogardzki Starogard Gdański
50%
Wągrowiecki Wągrowiec
50%
Wodzisławski Wodzisław Śląski
50%
Kamiennogórski Kamienna Góra
49%
Kolbuszowski Kolbuszowa
49%
Kolneński Kolno
49%
Lipski Lipsko
49%
Łosicki Łosice
49%
Milicki Milicz
49%
Olecki Olecko
49%
Ostrzeszowski Ostrzeszów
49%
Rawicki Rawicz
49%
Skarżyski Skarżysko-Kamienna
49%
Staszowski Staszów
49%
Strzyżowski Strzyżów
49%
Tucholski Tuchola
49%
Drawski Drawsko Pomorskie
48%
Rawski Rawa Mazowiecka
48%
Węgrowski Węgrów
48%
Brzeziński Brzeziny
47%
Choszczeński Choszczno
47%
Proszowicki Proszowice
47%
Sławieński Sławno
47%
Szamotulski Szamotuły
47%
Szydłowiecki Szydłowiec
47%
Węgorzewski Węgorzewo
47%
Wieruszowski Wieruszów
47%
Włoszczowski Włoszczowa
47%
Zawierciański Zawiercie
47%
Bielski Bielsk Podlaski
46%
Górowski Góra
45%
Janowski Janów Lubelski
45%
Nowodworski Nowy Dwór Gdański
45%
Ostrowiecki Ostrowiec Świętokrzyski
45%
Pajęczański Pajęczno
45%
Strzeliński Strzelin
45%
Świdnicki Świdnik
45%
Szczycieński Szczytno
45%
Tomaszowski Tomaszów Lubelski
45%
Wałecki Wałcz
45%
Ząbkowicki Ząbkowice Śląskie
45%
Lidzbarski Lidzbark Warmiński
44%
Przasnyski Przasnysz
44%
Ropczycko-Sędziszowski Ropczyce
44%
Świdwiński Świdwin
44%
Jasielski Jasło
43%
Lwówecki Lwówek Śląski
43%
Piski Pisz
43%
Siemiatycki Siemiatycze
43%
Strzelecki Strzelce Opolskie
43%
Tarnogórski Tarnowskie Góry
43%
Wschowski Wschowa
43%
Kamieński Kamień Pomorski
42%
Nakielski Nakło nad Notecią
42%
Golubsko--Dobrzyński Golub-Dobrzyń
41%
Karkonoski Jelenia Góra
41%
Poddębicki Poddębice
41%
Radzyński Radzyń Podlaski
41%
Sokólski Sokółka
41%
Łęczyński Łęczna
40%
Łobeski Łobez
40%
Sejneński Sejny
40%
Średzki Środa Wielkopolska
40%
Ostrowski Ostrów Mazowiecka
39%
Sokołowski Sokołów Podlaski
39%
Krośnieński Krosno Odrzańskie
38%
Makowski Maków Mazowiecki
38%
Moniecki Mońki
38%
Rycki Ryki
38%
Oleski Olesno
36%
Opolski Opole Lubelskie
36%
Przysuski Przysucha
36%
Średzki Środa Śląska
36%
Wąbrzeski Wąbrzeźno
36%
Świecki Świecie
34%
Wysokomazowiecki Wysokie Mazowieckie
34%
Sępoleński Sępolno Krajeńskie
32%
Bieszczadzki Ustrzyki Dolne
32%
Gdański Pruszcz Gdański
31%
Niżański Nisko
30%
Słupecki Słupca
30%
Strzelecko-Drezdenecki Strzelce Krajeńskie
29%
Konecki Końskie
28%
Suski Sucha Beskidzka
27%
Dąbrowski Dąbrowa Tarnowska
26%
Nowomiejski Nowe Miasto Lubawskie
24%
Kazimierski Kazimierza Wielka
20%
Nie znaleziono quizów pasujących do podanych kryteriów
Rozkład punktacji
Procent ludzi z każdym wynikiem
Percentyl według liczby udzielonych odpowiedzi
Twoja historia wyników
Nie rozwiązałeś tego quizu od ostatniego zresetowania